Presencia de la Diputación Provincial de Barcelona en la VIII conferencia internacional de cartografía celebrada en Moscú
Publicado:
San Jorge, núm. 98 - 99 (desembre 1976), pàg 84 - 85 :
MARC
| LEADER | 00000nam a2200000Ia 4500 | ||
|---|---|---|---|
| 001 | |||
| 008 | 160829s9999 xx 000 0 cat d | ||
| 245 | |a Presencia de la Diputación Provincial de Barcelona en la VIII conferencia internacional de cartografía celebrada en Moscú | ||
| 260 | |a San Jorge, núm. 98 - 99 (desembre 1976), pàg 84 - 85 | ||
| 610 | 1 | 0 | |a Barcelona (Catalunya : Província). |b Diputació |9 52408 |
| 650 | |a Cartografia |x Congressos |9 41074 | ||
| 700 | |a Conferència Internacional de Cartografia (8a : 1976 : Moscou) |9 41075 | ||
| 901 | |a Arxiu | ||
| 942 | |n 1 | ||
| 952 | |0 0 |1 0 |4 0 |7 1 |9 50029 |a Arxiu |b Arxiu |d 2016-12-01 |l 0 |r 2016-12-01 00:00:00 |w 2016-12-01 |y ARXIU | ||
| 999 | |c 53871 |d 53871 | ||